| 000 -CABECERA |
| campo de control de longitud fija |
00863cam a22003134a 4500 |
| 001 - NÚMERO DE CONTROL |
| campo de control |
001285695 |
| 003 - IDENTIFICADOR DEL NÚMERO DE CONTROL |
| campo de control |
AR-RgUNPA |
| 005 - FECHA Y HORA DE LA ÚLTIMA TRANSACCIÓN |
| campo de control |
20260302105734.0 |
| 007 - CAMPO FIJO DE DESCRIPCIÓN FÍSICA--INFORMACIÓN GENERAL |
| campo de control de longitud fija |
ta |
| 008 - DATOS DE LONGITUD FIJA--INFORMACIÓN GENERAL |
| campo de control de longitud fija |
130805s2013 ag a fr 0101 0 spa |
| 015 ## - NÚMERO DE BIBLIOGRAFÍA NACIONAL |
| Número de bibliografía nacional |
AR-2011 |
| 020 ## - NÚMERO INTERNACIONAL ESTÁNDAR DEL LIBRO |
| Número Internacional Estándar del Libro |
9789506491222 |
| 040 ## - FUENTE DE LA CATALOGACIÓN |
| Centro catalogador/agencia de origen |
SIUNPA |
| Lengua de catalogación |
spa |
| Centro/agencia transcriptor |
SIUNPA |
| Normas de descripción |
AACR2 |
| 041 ## - CÓDIGO DE LENGUA |
| Código de lengua del texto/banda sonora o título independiente |
spa |
| 044 ## - CÓDIGO DEL PAÍS DE LA ENTIDAD EDITORA/PRODUCTORA |
| Código MARC del país |
ag |
| Código ISO del país |
ar-c |
| 080 0# - NÚMERO DE LA CLASIFICACIÓN DECIMAL UNIVERSAL |
| Número de la Clasificación Decimal Universal |
159.9.072.43 K968t2 |
| 100 ## - ENTRADA PRINCIPAL--NOMBRE DE PERSONA |
| Código de función/relación |
, autora |
| Nombre de persona |
Kuras de Mauer, Susana |
| 245 00 - MENCIÓN DE TÍTULO |
| Título |
Territorios del acompañamiento terapéutico |
| Mención de responsabilidad, etc. |
Susana Kuras de Maver ... [et al.] |
| 250 ## - MENCIÓN DE EDICIÓN |
| Mención de edición |
2a. ed. |
| 260 ## - PUBLICACIÓN, DISTRIBUCIÓN, ETC. |
| Lugar de publicación, distribución, etc. |
Buenos Aires : |
| Nombre del editor, distribuidor, etc. |
Letra Viva, |
| Fecha de publicación, distribución, etc. |
2013 |
| 300 ## - DESCRIPCIÓN FÍSICA |
| Extensión |
217 p. |
| Dimensiones |
: il. |
| 650 #4 - PUNTO DE ACCESO ADICIONAL DE MATERIA--TÉRMINO DE MATERIA |
| Término de materia o nombre geográfico como elemento de entrada |
PSICOLOGIA |
| 650 #4 - PUNTO DE ACCESO ADICIONAL DE MATERIA--TÉRMINO DE MATERIA |
| Término de materia o nombre geográfico como elemento de entrada |
PSICOTERAPIA |
| 650 #4 - PUNTO DE ACCESO ADICIONAL DE MATERIA--TÉRMINO DE MATERIA |
| Término de materia o nombre geográfico como elemento de entrada |
ACOMPAÑANTE TERAPEUTICO |
| 650 #4 - PUNTO DE ACCESO ADICIONAL DE MATERIA--TÉRMINO DE MATERIA |
| Término de materia o nombre geográfico como elemento de entrada |
ADOLESCENCIA |
| 650 #4 - PUNTO DE ACCESO ADICIONAL DE MATERIA--TÉRMINO DE MATERIA |
| Término de materia o nombre geográfico como elemento de entrada |
DESARROLLO DEL ADULTO |
| 700 1# - PUNTO DE ACCESO ADICIONAL--NOMBRE DE PERSONA |
| Nombre de persona |
Resnizky, Silvia Adriana |
| Término indicativo de función/relación |
, autora |
| 942 ## - ELEMENTOS DE PUNTO DE ACCESO ADICIONAL (KOHA) |
| Fuente del sistema de clasificación o colocación |
|
| Tipo de ítem Koha |
Libros |